Leadership : theory, application, and skill development (Record no. 86484)

MARC details
000 -LEADER
fixed length control field 00771 a2200253 4500
003 - CONTROL NUMBER IDENTIFIER
control field CBULib
005 - DATE AND TIME OF LATEST TRANSACTION
control field 20251106084913.0
008 - FIXED-LENGTH DATA ELEMENTS--GENERAL INFORMATION
fixed length control field 251106b |||||||| |||| 00| 0 eng d
020 ## - INTERNATIONAL STANDARD BOOK NUMBER
International Standard Book Number 9781071870594
040 ## - CATALOGING SOURCE
Language of cataloging English
Transcribing agency CBULib
Description conventions rda
041 ## - LANGUAGE CODE
Language code of text/sound track or separate title eng
050 ## - LIBRARY OF CONGRESS CALL NUMBER
Classification number HD 57.7 Lus
100 ## - MAIN ENTRY--PERSONAL NAME
Personal name Lussier, Robert
245 ## - TITLE STATEMENT
Title Leadership : theory, application, and skill development
Statement of responsibility, etc / by Robert N. Lussier and Christopher F. Achua
250 ## - EDITION STATEMENT
Edition statement Seventh edition.
260 ## - PUBLICATION, DISTRIBUTION, ETC. (IMPRINT)
Name of publisher, distributor, etc SAGE,
Date of publication, distribution, etc 2023
Place of publication, distribution, etc London :
300 ## - PHYSICAL DESCRIPTION
Extent xxxviii, 610 pages : illustrations
336 ## - CONTENT TYPE
Source rdacontent
Content type term Text |
Content type code txt
337 ## - MEDIA TYPE
Source rdamedia
Media type term Unmediated |
Media type code n
338 ## - CARRIER TYPE
Source rdacarrier
Carrier type term Volume
Carrier type code nc
650 #0 - SUBJECT ADDED ENTRY--TOPICAL TERM
9 (RLIN) 1279
Topical term or geographic name as entry element LEADERSHIP
700 ## - ADDED ENTRY--PERSONAL NAME
9 (RLIN) 5023
Personal name Achua, Christopher F.
942 ## - ADDED ENTRY ELEMENTS (KOHA)
Source of classification or shelving scheme
Koha item type MONOGRAPH
Holdings
Withdrawn status Lost status Source of classification or shelving scheme Damaged status Not for loan Collection code Permanent Location Current Location Shelving location Date acquired Source of acquisition Cost, normal purchase price Total Checkouts Full call number Barcode Date last seen Copy number Price effective from Koha item type
          Main Library Open Access Collection CBU-MAIN LIBRARY, KITWE. CBU-MAIN LIBRARY, KITWE. General Stacks 11/06/2025 DON-BOOKAID 78.00   HD 57.7 Lus 753757 11/06/2025 1 11/06/2025 MONOGRAPH